000
00306nam a22001217a 4500
040
_c
NUST
082
_a
342.5491
_b
ZAK
100
_a
Zaka Ali
_9
124800
245
_a
The Rules of Business 1973
260
_a
Karachi:
_b
The Ideal Publishers,
_c
2021.
650
_2
The Rules of Business 1973
942
_2
ddc
_c
BK
999
_c
610591
_d
610591